Normal view
MARC view
- Transport workers
Entry Topical Term
001 - CONTROL NUMBER
- control field: 22851
003 - CONTROL NUMBER IDENTIFIER
- control field: NUST
005 - DATE AND TIME OF LATEST TRANSACTION
- control field: 20191004103825.0
008 - FIXED-LENGTH DATA ELEMENTS
- fixed length control field: 191004|| aca||aabn | a|a d
040 ## - CATALOGING SOURCE
- Original cataloging agency: NUST
- Transcribing agency: NUST
150 ## - HEADING--TOPICAL TERM
- Topical term or geographic name entry element: Transport workers
- Geographic subdivision: United States
- General subdivision: States.
670 ## - SOURCE DATA FOUND
- Source citation: Work cat.: (NUST)0: Warne, Thomas R. 22522, Developing transportation agency leaders /, 2005.
